000 00903nam a22002897a 4500
001 BR6005925
003 BR-BrBNA
005 20230928083234.0
007 ta
008 230509b bl.||||| |||| 00| 0 por d
040 _aBR-BrBNA
_bpor
_cBiblioteca Nacional de Agricultura
041 _a(Por)
072 _aE70
_b/G514
090 _ E70 BR6005925
100 1 _aOlinger, G.
110 1 _aSociedade Brasileira de Economistas Rurais, Rio de Janeiro, GB
_99689
111 1 _a5. Reuniao da Sociedade Brasileira de Economistas Rurais
_cRio de Janeiro, GB (Brazil)
_d21 Feb 1967
245 1 _aProblemas da Regiao Sul. Armazenagem, cooperativismo e precos [Brasil]
260 3 _aRio de Janeiro, GB (Brasil):
_c1967.
300 _a11 p.
650 _aComercializacao
650 _aArmazenamento
650 _aCooperativa
650 _aPreco
909 _a202309
_bLucia
_c55
_dLucia Elande
942 _cBK
999 _c12326
_d12326